Medical and psychological management of victimization

This chapter briefly discusses the mental health consequences of criminal victimization. General guidelines for working with victims of violent crime are discussed in the context of the ‘Declaration of Basic Principles of Justice For Victims of Crime and Abuse of Power’ adopted by the General Assemb...

Descripción completa

Guardado en:  
Detalles Bibliográficos
Autores principales: Thomas, Nitha (Autor) ; Kamath, Avinash G. (Autor)
Tipo de documento: Print Artículo
Lenguaje:Inglés
Publicado: 2022
En: Victimology
Año: 2022, Páginas: 453-468
Acceso en línea: lizenzpflichtig
Verificar disponibilidad: HBZ Gateway
Palabras clave:

MARC

LEADER 00000caa a2200000 c 4500
001 1830793934
003 DE-627
005 20230427091913.0
007 tu
008 230111s2022 xx ||||| 00| ||eng c
020 |a 9783031129292 
035 |a (DE-627)1830793934 
035 |a (DE-599)KXP1830793934 
040 |a DE-627  |b ger  |c DE-627  |e rda 
041 |a eng 
084 |a 2,1  |2 ssgn 
100 1 |a Thomas, Nitha  |e VerfasserIn  |4 aut 
245 1 0 |a Medical and psychological management of victimization  |c Nitha Thomas and Avinash G. Kamath 
264 1 |c 2022 
336 |a Text  |b txt  |2 rdacontent 
337 |a ohne Hilfsmittel zu benutzen  |b n  |2 rdamedia 
338 |a Band  |b nc  |2 rdacarrier 
500 |a Literaturverzeichnis: Seite 464-468 
520 |a This chapter briefly discusses the mental health consequences of criminal victimization. General guidelines for working with victims of violent crime are discussed in the context of the ‘Declaration of Basic Principles of Justice For Victims of Crime and Abuse of Power’ adopted by the General Assembly of the United Nations in 1985. Mental Health interventions for victims of violent crime in the immediate aftermath of victimization, including debriefing and psychological first aid, are evaluated with research evidence. Debriefing is NOT recommended in the immediate aftermath of victimization. There is a dearth of literature specifically evaluating the psychological treatment of victimization. However, participants in many trauma treatment research trials are survivors of violent crime. Trauma-focused approaches, including prolonged exposure therapy, cognitive processing therapy, trauma-focused CBT, and eye movement desensitization and reprocessing therapy, are briefly discussed. Non-trauma-focused approaches include person-centred therapy and brief eclectic therapy. Pharmacological interventions are also briefly mentioned. The evidence base for these treatments is discussed per Cochrane reviews, NICE guidelines, and American Psychological Association guidelines. 
650 4 |a impact of victimization 
650 4 |a management of victimization 
650 4 |a trauma-focused therapy 
650 4 |a non-trauma-focused therapy 
650 4 |a pharmacological interventions 
700 1 |a Kamath, Avinash G.  |e VerfasserIn  |4 aut 
773 0 8 |i Enthalten in  |t Victimology  |d Cham : Springer, 2022  |g (2022), Seite 453-468  |h xviii, 472 Seiten  |w (DE-627)1815858419  |z 9783031129292  |7 nnam 
773 1 8 |g year:2022  |g pages:453-468 
776 1 |o 10.1007/978-3-031-12930-8_21 
856 4 1 |u https://doi.org/10.1007/978-3-031-12930-8_21  |m X:SPRINGER  |x Resolving-System  |z lizenzpflichtig  |7 1 
951 |a AR 
ELC |b 1 
LOK |0 000 xxxxxcx a22 zn 4500 
LOK |0 001 4245986212 
LOK |0 003 DE-627 
LOK |0 004 1830793934 
LOK |0 005 20230111105154 
LOK |0 008 230111||||||||||||||||ger||||||| 
LOK |0 040   |a DE-2619  |c DE-627  |d DE-2619 
LOK |0 092   |o n 
LOK |0 852   |a DE-2619 
LOK |0 852 1  |9 00 
LOK |0 939   |a 11-01-23  |b l01 
ORI |a SA-MARC-krimdoka001.raw